Historia de Hungría / (Record no. 109121)

MARC details
000 -LEADER
campo de control de longitud fija 00562nam a2200205 4500
001 - NÚMERO DE CONTROL
campo de control 109121
003 - IDENTIFICADOR DE NÚMERO DE CONTROL
campo de control ES-MaACL
005 - FECHA Y HORA DE LA ÚLTIMA TRANSACCIÓN
campo de control 20230906184759.0
007 - CAMPO FIJO DE DESCRIPCIÓN FÍSICA--INFORMACIÓN GENERAL
campo de control de longitud fija t|
008 - DATOS DE LONGITUD FIJA--INFORMACIÓN GENERAL
campo de control de longitud fija 061121s1957 sp r ||||1| spa d
100 1# - ENTRADA PRINCIPAL--NOMBRE DE PERSONA
Nombre de persona Oliver Brachfeld, F.
9 (RLIN) 86832
245 10 - MENCIÓN DEL TÍTULO
Título Historia de Hungría /
Mención de responsabilidad, etc. F. Oliver Brachfeld.
250 ## - MENCION DE EDICION
Mención de edición [1ª ed.].
260 ## - PUBLICACIÓN, DISTRIBUCIÓN, ETC.
Lugar de publicación, distribución, etc. Barcelona :
Nombre del editor, distribuidor, etc. [Surco,
Fecha de publicación, distribución, etc. 1957]
300 ## - DESCRIPCIÓN FÍSICA
Extensión 509 p. 24 láms. ;
Dimensiones 22 cm.
490 1# - MENCIÓN DE SERIE
Mención de serie Serie Historia
830 0# - PUNTO DE ACCESO ADICIONAL DE SERIE-TÍTULO UNIFORME
Título uniforme Serie Historia
9 (RLIN) 176514
852 ## - LOCALIZACIÓN
Ubicación ES-MaACL
Número de control de estantería C-12939
Sublocalización o colección R.41196
Holdings
Estatus retirado Estado de pérdida Estado de daño No para préstamo Biblioteca de origen Biblioteca actual Ubicación en estantería Fecha de adquisición Fuente de adquisición Total de préstamos Signatura topográfica completa Código de barras Visto por última vez Precio de reemplazo Tipo de ítem Koha
        Biblioteca del Ateneo de Madrid Biblioteca del Ateneo de Madrid Sala Palomar 17/01/2008     C-12939 1113859 23/02/2023 23/02/2023 Libro impreso